| 000 | 00635nam a2200217 a 4500 | ||
|---|---|---|---|
| 005 | 20210223133020.0 | ||
| 008 | 160824s2013 mx r 000 0 spa d | ||
| 020 | _a9789876011983 | ||
| 035 | _aUPN01000212556 | ||
| 049 | _aCG | ||
| 050 | 4 |
_aPQ7797 G6 _bT5.3 |
|
| 100 | 1 |
_aGorriti Zuviria, Juana Manuela, _d1818-1892 _939424 |
|
| 245 | 1 | 3 |
_aLa tierra natal / _cJuana Manuela Gorriti ; ed. de Leonor Fleming. |
| 260 |
_aBuenos Aires : _bLa Crujía, _c2013. |
||
| 300 | _a239 p. | ||
| 440 | 0 |
_aObras completas ; _v4 |
|
| 440 | 0 | _aBiblioteca del norte | |
| 650 | 4 |
_aLITERATURA ARGENTINA _95070 |
|
| 905 | _aLibro | ||
| 999 |
_c184656 _d184656 |
||